Kísérleti gammakamerás emissziós számítógépes tomográfiai (ECT) software rendszer

Elmentve itt :
Bibliográfiai részletek
Szerzők: Kuba Attila
Csernay László
Vidákovich Tibor
Testületi szerző: Számítástechnikai és kibernetikai módszerek alkalmazása az orvostudományban és a biológiában
Dokumentumtípus: Könyv része
Megjelent: 1983
Sorozat:Számítástechnikai és kibernetikai módszerek alkalmazása az orvostudományban és a biológiában 11
Kulcsszavak:Tomográfia, Számítógép alkalmazása - orvostudomány, Izotóptechnika - orvostudomány, Izotópdiagnosztika - számítógép alkalmazása, Adatfeldolgozás - információrendszer - orvostudomány, Információs rendszer, Képfeldolgozás - orvosi
Tárgyszavak:
Online Access:http://acta.bibl.u-szeged.hu/46023
LEADER 01334naa a2200253 i 4500
001 acta46023
005 20230609145732.0
008 170626s1983 hu o 1|| hun d
040 |a SZTE Egyetemi Kiadványok Repozitórium  |b hun 
041 |a hun 
100 1 |a Kuba Attila 
245 1 0 |a Kísérleti gammakamerás emissziós számítógépes tomográfiai (ECT) software rendszer  |h [elektronikus dokumentum] /  |c  Kuba Attila 
260 |c 1983 
300 |a 19-23 
490 0 |a Számítástechnikai és kibernetikai módszerek alkalmazása az orvostudományban és a biológiában  |v 11 
650 4 |a Természettudományok 
650 4 |a Számítás- és információtudomány 
650 4 |a Orvos- és egészségtudomány 
650 4 |a Klinikai orvostan 
695 |a Tomográfia, Számítógép alkalmazása - orvostudomány, Izotóptechnika - orvostudomány, Izotópdiagnosztika - számítógép alkalmazása, Adatfeldolgozás - információrendszer - orvostudomány, Információs rendszer, Képfeldolgozás - orvosi 
700 0 1 |a Csernay László  |e aut 
700 0 1 |a Vidákovich Tibor  |e aut 
711 |a Számítástechnikai és kibernetikai módszerek alkalmazása az orvostudományban és a biológiában  |c Szeged  |d 1982. december 6-8. 
856 4 0 |u http://acta.bibl.u-szeged.hu/46023/1/szamtech_orvost_koll_011_019-023.pdf  |z Dokumentum-elérés